[Event "BL2-Ost 0203"]
[Site "Germany"]
[Date "2002.10.20"]
[Round "1.4"]
[White "Ottstadt, Ralph"]
[Black "Zude, Erik"]
[Result "0-1"]
[WhiteElo "2186"]
[BlackElo "2295"]
[PlyCount "112"]
[EventDate "2002.10.20"]
[EventType "team-tourn"]
[EventRounds "9"]
[EventCountry "GER"]
[SourceTitle "EXT 2004"]
[Source "ChessBase"]
[SourceDate "2003.11.25"]
[SourceVersion "1"]
[SourceVersionDate "2003.11.25"]
[SourceQuality "1"]
[WhiteTeam "Schott Mainz"]
[BlackTeam "Hofheim"]
[WhiteTeamCountry "GER"]
[BlackTeamCountry "GER"]

1. d4 Nf6 2. Nf3 g6 3. c3 Bg7 4. Bg5 0-0 5. Nbd2 d6 6. e4 Nc6 7. Bb5 a6 8. Ba4 Bd7 9. 0-0 Re8 10. Re1 h6 11. Bh4 b5 12. Bc2 e5 13. dxe5 dxe5 14. Nf1 Na5 15. Ne3 Bc6 16. Nd2 Nb7 17. Qe2 Qc8 18. f3 Nh5 19. Rad1 Nf4 20. Qf1 a5 21. Nb3 a4 22. Nc1 Nd6 23. Nd3 Nxd3 24. Bxd3 Qe6 25. c4 bxc4 26. Nxc4 Nb5 27. Ne3 Nd4 28. Bc4 Qd6 29. Qd3 Rab8 30. Rd2 Rb4 31. Rc1 Reb8 32. Nd1 Bf6 33. Bxf6 Qxf6 34. a3 R4b6 35. Qe3 Kg7 36. Rc3 Bb7 37. Qf2 Rd6 38. Ne3 Rbd8 39. Rcd3 Qg5 40. Ng4 h5 41. Qe3 Qe7 42. Nf2 Bc8 43. Nd1 Rc6 44. Bb5 Rc1 45. Bxa4 c5 46. Rc3 Ra1 47. h3 Be6 48. f4 Qf6 49. f5 gxf5 50. exf5 Nxf5 51. Qf2 e4 52. Kh2 Qe5+ 53. g3 Rxd2 54. Qxd2 e3 55. Rxe3 Rxd1 56. Qxd1 Nxe3 0-1

[Event "Wichern op 6th"]
[Site "Hamburg"]
[Date "2001.10.17"]
[Round "5.33"]
[White "Ottstadt, Ralph"]
[Black "You, Long"]
[Result "0-1"]
[WhiteElo "2184"]
[BlackElo "2078"]
[PlyCount "38"]
[EventDate "2001.10.21"]
[EventType "swiss"]
[EventRounds "9"]
[EventCountry "GER"]
[SourceTitle "EXT 2002"]
[Source "ChessBase"]
[SourceDate "2001.11.25"]
[SourceVersion "1"]
[SourceVersionDate "2001.11.25"]
[SourceQuality "1"]

1. d4 Nf6 2. Nf3 g6 3. c3 Bg7 4. Bg5 d5 5. Nbd2 0-0 6. e3 Nbd7 7. Bd3 c5 8. 0-0 b6 9. Qb1 Bb7 10. b4 cxb4 11. cxb4 Rc8 12. Qb2 Ne4 13. Bf4 f6 14. Nb3 Re8 15. Rfd1 e5 16. dxe5 fxe5 17. Bh6 Bxh6 18. Bxe4 dxe4 19. Nxe5 Bg7 0-1

[Event "Wichern op 6th"]
[Site "Hamburg"]
[Date "2001.10.13"]
[Round "1.45"]
[White "Ottstadt, Ralph"]
[Black "Kracht, Helmut"]
[Result "1-0"]
[WhiteElo "2184"]
[BlackElo "1842"]
[PlyCount "47"]
[EventDate "2001.10.21"]
[EventType "swiss"]
[EventRounds "9"]
[EventCountry "GER"]
[SourceTitle "EXT 2002"]
[Source "ChessBase"]
[SourceDate "2001.11.25"]
[SourceVersion "1"]
[SourceVersionDate "2001.11.25"]
[SourceQuality "1"]

1. c4 Nf6 2. Nc3 d5 3. cxd5 Nxd5 4. g3 c6 5. Bg2 g6 6. Qb3 Nb6 7. Nf3 Bg7 8. 0-0 0-0 9. Rd1 Na6 10. d4 Be6 11. Qc2 Rc8 12. e4 Bd7 13. Bf4 f5 14. a4 fxe4 15. Qb3+ e6 16. Nxe4 Rxf4 17. gxf4 Qc7 18. Ne5 Rf8 19. Ng5 Nd5 20. Qh3 h6 21. Bxd5 cxd5 22. Nxd7 Qxd7 23. Qxe6+ Qxe6 24. Nxe6 1-0

[Event "Wichern op 5th"]
[Site "Hamburg"]
[Date "1999.10.21"]
[Round "8.36"]
[White "Cladouras, Panagiotis"]
[Black "Ottstadt, Ralph"]
[Result "1-0"]
[WhiteElo "2335"]
[BlackElo "2210"]
[PlyCount "93"]
[EventDate "1999.10.15"]
[EventType "swiss"]
[EventRounds "9"]
[EventCountry "GER"]
[SourceTitle "EXT 2001"]
[Source "ChessBase"]
[SourceDate "2000.11.22"]
[SourceVersion "1"]
[SourceVersionDate "2000.11.22"]
[SourceQuality "1"]

1. e4 Nf6 2. d3 e5 3. Nf3 Nc6 4. Be2 d5 5. Nbd2 g6 6. 0-0 Bg7 7. c3 a5 8. Re1 0-0 9. Qc2 Re8 10. Nf1 h6 11. Ng3 Be6 12. b3 Qd7 13. a3 Kh7 14. Bd2 Rad8 15. Red1 dxe4 16. dxe4 Qc8 17. b4 Ng8 18. Qa4 Qa8 19. b5 Nb8 20. c4 b6 21. c5 Nd7 22. Be3 Nxc5 23. Bxc5 bxc5 24. Rdc1 Bf8 25. Bc4 Bd6 26. Nd2 Qa7 27. Bxe6 Rxe6 28. Nc4 Ra8 29. Rd1 Ne7 30. Nf1 Nc8 31. Nfe3 Nb6 32. Qc2 a4 33. Rab1 Qb7 34. Nxb6 Qxb6 35. Nc4 Qb7 36. f3 Kg7 37. Rb2 Be7 38. Rd3 Qa7 39. Rd7 Qb8 40. Qd1 Ra7 41. g3 Kf8 42. Qd5 Ke8 43. Rd2 Rb7 44. Nxe5 Qc8 45. Nc6 Rd6 46. Rxe7+ Kf8 47. Qxf7# 1-0

[Event "Wichern op 5th"]
[Site "Hamburg"]
[Date "1999.10.17"]
[Round "4.59"]
[White "Ogaard, Henning"]
[Black "Ottstadt, Ralph"]
[Result "0-1"]
[WhiteElo "1679"]
[BlackElo "2210"]
[PlyCount "144"]
[EventDate "1999.10.15"]
[EventType "swiss"]
[EventRounds "9"]
[EventCountry "GER"]
[SourceTitle "EXT 2001"]
[Source "ChessBase"]
[SourceDate "2000.11.22"]
[SourceVersion "1"]
[SourceVersionDate "2000.11.22"]
[SourceQuality "1"]

1. d4 d5 2. Nf3 Nf6 3. Bg5 Ne4 4. Bh4 c5 5. c3 Qb6 6. Qc1 Nc6 7. e3 Bf5 8. Be2 Rc8 9. 0-0 e6 10. Nbd2 Bd6 11. Bg3 Nxg3 12. hxg3 cxd4 13. exd4 0-0 14. Nb3 a5 15. Qd2 a4 16. Nc1 Na5 17. Bd3 Nc4 18. Bxc4 dxc4 19. Nh4 Be4 20. Re1 Bd5 21. Ne2 Qb5 22. Nf4 Bc6 23. Qe2 Bxf4 24. gxf4 Rfe8 25. Rab1 Qa5 26. Qe5 Qa8 27. Re3 f6 28. Qh5 b6 29. Rbe1 Bd5 30. f5 Qc6 31. fxe6 Rxe6 32. Rxe6 Bxe6 33. Nf5 Bxf5 34. Qxf5 Re8 35. Re3 Rxe3 36. fxe3 g6 37. Qf4 Kg7 38. e4 Qb5 39. Qc7+ Kh6 40. Qf4+ Kg7 41. Qd2 a3 42. bxa3 Qb1+ 43. Kh2 Qxe4 44. d5 Qe5+ 45. Kh1 Qd6 46. Qd4 b5 47. a4 bxa4 48. Qxc4 Qa3 49. Qc7+ Kh6 50. Qf4+ Kg7 51. Qd2 Qc5 52. d6 Qh5+ 53. Kg1 Qc5+ 54. Kf1 Qf5+ 55. Ke2 Qh5+ 56. Kf2 Qc5+ 57. Kf1 Qf5+ 58. Ke1 Qb1+ 59. Ke2 Qe4+ 60. Qe3 Qxg2+ 61. Kd1 Qd5+ 62. Qd2 Qxd2+ 63. Kxd2 Kf7 64. c4 h5 65. Ke2 h4 66. Kf3 Ke6 67. c5 f5 68. Kf4 g5+ 69. Kf3 g4+ 70. Kf4 h3 71. Kg3 f4+ 72. Kh2 a3 0-1

[Event "Wichern op 5th"]
[Site "Hamburg"]
[Date "1999.10.16"]
[Round "2.90"]
[White "Mandelbaum, Peter Rene"]
[Black "Ottstadt, Ralph"]
[Result "0-1"]
[WhiteElo "1924"]
[BlackElo "2210"]
[PlyCount "78"]
[EventDate "1999.10.15"]
[EventType "swiss"]
[EventRounds "9"]
[EventCountry "GER"]
[SourceTitle "EXT 2001"]
[Source "ChessBase"]
[SourceDate "2000.11.22"]
[SourceVersion "1"]
[SourceVersionDate "2000.11.22"]
[SourceQuality "1"]

1. e4 Nf6 2. e5 Nd5 3. d4 d6 4. c4 Nb6 5. exd6 exd6 6. Nc3 Be7 7. Be3 Nc6 8. Rc1 0-0 9. Nf3 Bg4 10. b3 Re8 11. Be2 d5 12. c5 Nc8 13. 0-0 Bf6 14. h3 Be6 15. Qd2 g6 16. b4 a6 17. Rb1 Rf8 18. a4 Bg7 19. b5 axb5 20. axb5 Na5 21. Qb2 Ne7 22. Bd2 Nf5 23. Nd1 Nc4 24. Bxc4 dxc4 25. Bc3 Bd5 26. Ne3 Bxf3 27. Nxf5 Bxg2 28. Kxg2 Qd5+ 29. Kh2 Qxf5 30. Qd2 Ra3 31. f3 Bh6 32. f4 Rd8 33. Rbe1 Bg7 34. Re3 h5 35. Rff3 Kh7 36. Re7 Rxd4 37. Bxd4 Rxf3 38. Qg2 Qxf4+ 39. Kh1 Bxd4 0-1

[Event "Rheinhessen-ch H1 op"]
[Site "Mainz"]
[Date "1997.??.??"]
[Round "3"]
[White "Ottstadt, Ralph"]
[Black "Schneider, Johannes"]
[Result "1-0"]
[WhiteElo "2210"]
[BlackElo "1878"]
[PlyCount "83"]
[EventDate "1997.03.21"]
[EventType "swiss"]
[EventRounds "7"]
[EventCountry "GER"]
[SourceTitle "EXT 2000"]
[Source "ChessBase"]
[SourceDate "1999.11.16"]
[SourceVersion "1"]
[SourceVersionDate "1999.11.16"]
[SourceQuality "1"]

1. d4 Nf6 2. Nf3 d5 3. e3 g6 4. c4 c6 5. Nc3 Bg7 6. Be2 Bg4 7. cxd5 cxd5 8. Qb3 b6 9. Bb5+ Kf8 10. Ne5 Be6 11. Bd2 Ne4 12. Nxe4 dxe4 13. Bc4 Bxc4 14. Qxc4 e6 15. Qc2 f5 16. Bb4+ Kg8 17. Qc4 Qe8 18. Rc1 Bxe5 19. dxe5 h5 20. 0-0 Nd7 21. Bd6 Rh7 22. Rfd1 h4 23. h3 g5 24. Kh2 a6 25. f3 b5 26. Qe2 exf3 27. Qxf3 Nb6 28. e4 fxe4 29. Qxe4 Nd5 30. Rf1 Nf4 31. Bb4 Rd7 32. Rc2 Kg7 33. Bd2 Nh5 34. Bxg5 Raa7 35. Bf6+ Kg8 36. Bxh4 Rg7 37. Rcf2 Qg6 38. Qxg6 Rxg6 39. g4 Ng7 40. Rf8+ Kh7 41. Bf6 Rc7 42. Rf2 1-0

[Event "Oberliga Sued W 9596"]
[Site "Germany"]
[Date "1996.??.??"]
[Round "?"]
[White "Steinheimer, Juergen"]
[Black "Ottstadt, Ralph"]
[Result "1/2-1/2"]
[WhiteElo "2210"]
[BlackElo "2260"]
[PlyCount "78"]
[EventDate "1995.10.??"]
[EventType "team"]
[EventRounds "9"]
[EventCountry "GER"]
[SourceTitle "EXT 2000"]
[Source "ChessBase"]
[SourceDate "1999.11.16"]
[SourceVersion "1"]
[SourceVersionDate "1999.11.16"]
[SourceQuality "1"]

1. d4 d5 2. c4 dxc4 3. e4 Nf6 4. e5 Nd5 5. Bxc4 Nb6 6. Be2 Bf5 7. Nc3 e6 8. Bf3 c6 9. Nge2 Na6 10. 0-0 Be7 11. a3 Qd7 12. b4 Nc7 13. Be4 Ncd5 14. Bxf5 exf5 15. Qb3 a6 16. Nxd5 Nxd5 17. Qg3 g6 18. Bh6 Qe6 19. Nf4 Nxf4 20. Qxf4 Rg8 21. Bg5 Bxg5 22. Qxg5 Rd8 23. Rfd1 h5 24. a4 Rd5 25. Rab1 Kd7 26. Qe3 Rc8 27. Qe2 Ke8 28. b5 cxb5 29. axb5 a5 30. b6 Qd7 31. g3 Kf8 32. h4 Rxd4 33. Qf3 Rxd1+ 34. Rxd1 Qc6 35. Qa3+ Qc5 36. Rd8+ Ke7 37. Qxc5+ Rxc5 38. Rb8 Rb5 39. Rxb7+ Kf8 1/2-1/2

[Event "Budapest FS09 IM-B"]
[Site "Budapest"]
[Date "1995.??.??"]
[Round "5"]
[White "Egedi, Istvan"]
[Black "Ottstadt, Ralph"]
[Result "1-0"]
[WhiteElo "2290"]
[BlackElo "2250"]
[PlyCount "37"]
[EventDate "1995.09.??"]
[EventType "tourn"]
[EventRounds "9"]
[EventCountry "HUN"]
[EventCategory "3"]
[SourceTitle "EXT 1997"]
[Source "ChessBase"]
[SourceDate "1996.11.15"]
[SourceVersion "1"]
[SourceVersionDate "1996.11.15"]
[SourceQuality "1"]

1. e4 e6 2. d4 d5 3. Nc3 Nf6 4. Bg5 Be7 5. e5 Nfd7 6. Bxe7 Qxe7 7. f4 0-0 8. Nf3 c5 9. Bd3 f6 10. 0-0 Nc6 11. Nb5 a6 12. Nd6 cxd4 13. Qe2 fxe5 14. fxe5 Rxf3 15. Rxf3 Ndxe5 16. Bxh7+ Kxh7 17. Rh3+ Kg8 18. Qh5 Qxd6 19. Rf1 1-0

[Event "BL2-Ost 9495"]
[Site "Germany"]
[Date "1995.??.??"]
[Round "1.7"]
[White "Helbig, Uwe"]
[Black "Ottstadt, Ralph"]
[Result "1-0"]
[WhiteElo "2180"]
[BlackElo "2270"]
[PlyCount "67"]
[EventDate "1994.10.??"]
[EventType "team-tourn"]
[EventRounds "9"]
[EventCountry "GER"]
[SourceTitle "GER-chT2"]
[Source "ChessBase"]
[SourceDate "1999.07.01"]
[SourceVersion "1"]
[SourceVersionDate "1999.07.01"]
[SourceQuality "1"]
[WhiteTeam "Chemnitz Lok"]
[BlackTeam "Schott Mainz"]
[WhiteTeamCountry "GER"]
[BlackTeamCountry "GER"]

1. d4 d5 2. Nf3 c6 3. e3 Nf6 4. Bd3 g6 5. 0-0 Bg7 6. Nbd2 0-0 7. e4 dxe4 8. Nxe4 Nxe4 9. Bxe4 Qb6 10. c3 Nd7 11. Qe2 Re8 12. Bd3 Nf8 13. Ne5 Be6 14. f4 f6 15. Nc4 Qd8 16. f5 Bf7 17. Bf4 e5 18. dxe5 fxe5 19. Be3 Qd5 20. Nd2 gxf5 21. Rxf5 Qd7 22. Rxf7 Kxf7 23. Bc4+ Ne6 24. Ne4 Kg8 25. Nc5 Qc8 26. Qg4 Kh8 27. Nxe6 Rxe6 28. Bxe6 Qd8 29. Rd1 Qf6 30. Bg5 Qg6 31. Bf5 Qf7 32. Qh3 Bf8 33. Rd7 Bc5+ 34. Kh1 1-0

[Event "Budapest FS09 IM-B"]
[Site "Budapest"]
[Date "1995.??.??"]
[Round "6"]
[White "Ottstadt, Ralph"]
[Black "Peter, Ambrus"]
[Result "0-1"]
[WhiteElo "2250"]
[BlackElo "2410"]
[PlyCount "78"]
[EventDate "1995.09.??"]
[EventType "tourn"]
[EventRounds "9"]
[EventCountry "HUN"]
[EventCategory "3"]
[SourceTitle "EXT 1997"]
[Source "ChessBase"]
[SourceDate "1996.11.15"]
[SourceVersion "1"]
[SourceVersionDate "1996.11.15"]
[SourceQuality "1"]

1. d3 Nf6 2. d4 d5 3. Nf3 c5 4. dxc5 e6 5. e3 Bxc5 6. a3 a5 7. c4 0-0 8. Nc3 Nc6 9. Qc2 Qe7 10. Bd3 dxc4 11. Bxc4 h6 12. 0-0 Rd8 13. b3 e5 14. Bb2 e4 15. Nd2 Bf5 16. Rfd1 Ne5 17. Nb5 Nd3 18. Bd4 Rac8 19. Qa2 Bxd4 20. Nxd4 Rxd4 21. exd4 e3 22. Bxd3 exf2+ 23. Kh1 Bxd3 24. Nc4 b5 25. Ne5 Rc2 26. Nxd3 Rxa2 27. Rxa2 Ne4 28. Nxf2 Nc3 29. Rad2 Nxd1 30. Rxd1 Qe3 31. Kg1 Qxb3 32. d5 Kf8 33. d6 Ke8 34. d7+ Kd8 35. Kf1 Qxa3 36. Ke2 Qb2+ 37. Rd2 Qe5+ 38. Kf3 g5 39. g3 f5 0-1

[Event "BL2-Ost 9495"]
[Site "Germany"]
[Date "1995.??.??"]
[Round "8.7"]
[White "Schmidt, Jan Peter"]
[Black "Ottstadt, Ralph"]
[Result "1-0"]
[WhiteElo "2245"]
[BlackElo "2270"]
[PlyCount "55"]
[EventDate "1994.10.??"]
[EventType "team-tourn"]
[EventRounds "9"]
[EventCountry "GER"]
[SourceTitle "GER-chT2"]
[Source "ChessBase"]
[SourceDate "1999.07.01"]
[SourceVersion "1"]
[SourceVersionDate "1999.07.01"]
[SourceQuality "1"]
[WhiteTeam "Schoeneck"]
[BlackTeam "Schott Mainz"]
[WhiteTeamCountry "GER"]
[BlackTeamCountry "GER"]

1. Nf3 d5 2. c4 c6 3. b3 Nf6 4. g3 Bg4 5. Bg2 e6 6. Bb2 Nbd7 7. 0-0 Bd6 8. d4 0-0 9. Nbd2 Qe7 10. Ne5 Bh5 11. a3 a5 12. Re1 Rfc8 13. Qb1 Ng4 14. Nxg4 Bxg4 15. e4 dxe4 16. Nxe4 Bc7 17. f4 Bf5 18. Qd1 Qf8 19. Kh1 Nb6 20. Qe2 Rd8 21. Rf1 h6 22. g4 Bh7 23. g5 hxg5 24. Nxg5 Bf5 25. Be4 f6 26. Bxf5 exf5 27. Qe6+ Kh8 28. Rf3 1-0

[Event "BL2-West 9394"]
[Site "Germany"]
[Date "1994.??.??"]
[Round "?.8"]
[White "Van der Veen, Heinz"]
[Black "Ottstadt, Ralph"]
[Result "1/2-1/2"]
[WhiteElo "2225"]
[BlackElo "2270"]
[PlyCount "42"]
[EventDate "1993.10.??"]
[EventType "team-tourn"]
[EventRounds "9"]
[EventCountry "GER"]
[SourceTitle "GER-chT2"]
[Source "ChessBase"]
[SourceDate "1999.07.01"]
[SourceVersion "1"]
[SourceVersionDate "1999.07.01"]
[SourceQuality "1"]
[WhiteTeam "Gelsenkirchen"]
[BlackTeam "Schott Mainz"]
[WhiteTeamCountry "GER"]
[BlackTeamCountry "GER"]

1. e4 e6 2. d4 d5 3. Nc3 Nf6 4. e5 Nfd7 5. f4 c5 6. Nf3 Nc6 7. Be3 a6 8. Qd2 b5 9. dxc5 Bxc5 10. Bxc5 Nxc5 11. Qf2 Qb6 12. Bd3 Rb8 13. 0-0 Na4 14. Nxa4 bxa4 15. Qxb6 Rxb6 16. b3 axb3 17. axb3 Nb4 18. Rfd1 0-0 19. Kf2 Bd7 20. Nd4 Rc8 21. Ra5 g6 1/2-1/2

[Event "BL2-West 9394"]
[Site "Germany"]
[Date "1994.??.??"]
[Round "?.6"]
[White "Wiemer, Ralf"]
[Black "Ottstadt, Ralph"]
[Result "1/2-1/2"]
[WhiteElo "2300"]
[BlackElo "2270"]
[PlyCount "36"]
[EventDate "1993.10.??"]
[EventType "team-tourn"]
[EventRounds "9"]
[EventCountry "GER"]
[SourceTitle "GER-chT2"]
[Source "ChessBase"]
[SourceDate "1999.07.01"]
[SourceVersion "1"]
[SourceVersionDate "1999.07.01"]
[SourceQuality "1"]
[WhiteTeam "Muenster"]
[BlackTeam "Schott Mainz"]
[WhiteTeamCountry "GER"]
[BlackTeamCountry "GER"]

1. e4 e6 2. d4 d5 3. Nd2 Nf6 4. e5 Nfd7 5. f4 c5 6. c3 Nc6 7. Ndf3 cxd4 8. cxd4 Nb6 9. Bd3 h5 10. Ne2 Be7 11. 0-0 g6 12. Rf2 Bd7 13. Nc3 Nb4 14. Bf1 a5 15. Ne1 Kf8 16. Nc2 Qe8 17. Nxb4 axb4 18. Nb1 Bb5 1/2-1/2

[Event "GER CupT"]
[Site "Germany"]
[Date "1991.??.??"]
[Round "?"]
[White "Gupta, Milon"]
[Black "Ottstadt, Ralph"]
[Result "1/2-1/2"]
[WhiteElo "2205"]
[BlackElo "2260"]
[PlyCount "81"]
[EventDate "1991.??.??"]
[EventType "team"]
[EventRounds "9"]
[EventCountry "GER"]
[SourceTitle "TD"]
[Source "ChessBase"]
[SourceDate "1994.03.01"]
[SourceVersion "1"]
[SourceVersionDate "1994.03.01"]
[SourceQuality "1"]

1. d4 d5 2. c4 dxc4 3. Nf3 Nf6 4. Nc3 c5 5. d5 e6 6. e4 exd5 7. e5 Nfd7 8. Bg5 Be7 9. Bxe7 Qxe7 10. Nxd5 Qd8 11. Bxc4 Nc6 12. 0-0 0-0 13. Re1 Nb6 14. Nxb6 axb6 15. Qc2 Qe7 16. Qe4 Be6 17. Bd3 g6 18. Qf4 Rfd8 19. Be4 Nd4 20. a3 Ra4 21. Qh6 Nxf3+ 22. Bxf3 Rh4 23. Qe3 Rhd4 24. Be4 Bd5 25. Bxd5 R8xd5 26. g3 Qe6 27. Re2 Kg7 28. Rae1 Rd3 29. Qe4 b5 30. Re3 R3d4 31. Qf3 b6 32. Kg2 b4 33. axb4 Rxb4 34. R1e2 Rbd4 35. h4 h5 36. Re1 b5 37. R1e2 c4 38. Re1 b4 39. R1e2 Rd1 40. Qe4 R1d4 41. Qf3 1/2-1/2

[Event "RLPF-ch"]
[Site "Bingen"]
[Date "1991.??.??"]
[Round "8"]
[White "Ottstadt, Ralph"]
[Black "Kargoll, Peter"]
[Result "0-1"]
[WhiteElo "2260"]
[BlackElo "2260"]
[PlyCount "81"]
[EventDate "1991.??.??"]
[EventType "tourn"]
[EventRounds "9"]
[EventCountry "GER"]
[SourceTitle "GER"]
[Source "ChessBase"]
[SourceDate "1999.07.01"]
[SourceVersion "1"]
[SourceVersionDate "1999.07.01"]
[SourceQuality "1"]

1. Nf3 d5 2. d4 c6 3. c3 Bf5 4. Bf4 e6 5. Qb3 Qb6 6. Nbd2 Be7 7. h3 Nd7 8. e3 h5 9. Be2 Ngf6 10. Ne5 Nxe5 11. Bxe5 Rh7 12. 0-0-0 h4 13. Bxf6 Bxf6 14. f4 Qc7 15. Bg4 b5 16. Rhf1 Bd3 17. Rf2 a5 18. Re1 c5 19. Be2 a4 20. Qd1 Bxe2 21. Qxe2 Rb8 22. Kb1 g6 23. Qd3 Rh5 24. e4 dxe4 25. Nxe4 Be7 26. dxc5 Bxc5 27. Rff1 Rf5 28. Rd1 Kf8 29. g4 hxg3 30. Nxg3 Rxf4 31. Rxf4 Qxf4 32. Rf1 Qc4 33. Qf3 f5 34. Qd1 Be7 35. Qd2 Kf7 36. Qh6 Qd3+ 37. Ka1 Qxg3 38. Qd2 Rd8 39. Qe2 a3 40. Re1 axb2+ 41. Kxb2 0-1

[Event "RLPF-ch"]
[Site "Bingen"]
[Date "1991.??.??"]
[Round "7"]
[White "Ottstadt, Ralph"]
[Black "Meyer, Ingo"]
[Result "0-1"]
[WhiteElo "2260"]
[BlackElo "2280"]
[PlyCount "148"]
[EventDate "1991.??.??"]
[EventType "tourn"]
[EventRounds "9"]
[EventCountry "GER"]
[SourceTitle "GER"]
[Source "ChessBase"]
[SourceDate "1999.07.01"]
[SourceVersion "1"]
[SourceVersionDate "1999.07.01"]
[SourceQuality "1"]

1. d4 Nf6 2. Nf3 g6 3. Nc3 Bg7 4. Bf4 d5 5. Qd2 c6 6. h3 Nbd7 7. e3 0-0 8. Be2 Re8 9. 0-0-0 b5 10. Ne5 b4 11. Nxd7 Nxd7 12. Na4 Qa5 13. b3 e5 14. Bg3 Nb6 15. a3 Bf8 16. axb4 Bxb4 17. c3 Ba3+ 18. Nb2 Na4 19. b4 Bxb2+ 20. Qxb2 Nxb2 21. bxa5 Nxd1 22. Rxd1 f6 23. Rd2 Rb8 24. Rb2 Rxb2 25. Kxb2 Kf7 26. Ka3 Bf5 27. Kb4 Ke6 28. Kc5 Kd7 29. Bd1 exd4 30. cxd4 Bd3 31. Ba4 Rc8 32. Bd1 Be4 33. f3 Bd3 34. Bh4 f5 35. Bf6 Bf1 36. g4 Bxh3 37. g5 Bf1 38. Be5 Bb5 39. Bc2 Be2 40. f4 Bb5 41. Bd1 Ke6 42. Bc2 Rd8 43. Bd1 Kf7 44. Bc2 Kg8 45. Bb3 Rd7 46. Bc2 h6 47. gxh6 Kh7 48. Bg7 a6 49. Bf8 Rf7 50. Bg7 Re7 51. Be5 Re6 52. Bd1 Kxh6 53. Bf3 Kh7 54. Kb4 Kg8 55. Kc3 Re7 56. Kd2 Rh7 57. Ke1 Rh2 58. Bd6 Kf7 59. Bb4 Ke6 60. Bc5 Kd7 61. Bf8 Bc4 62. Bb4 Rb2 63. Bc3 Ra2 64. Bb4 c5 65. dxc5 Kc6 66. Bd1 Kb5 67. Bc3 Kxc5 68. Bf3 Kb5 69. Bd1 Rxa5 70. Bxa5 Kxa5 71. Kd2 Kb4 72. Kc1 Kc3 73. Ba4 Bb5 74. Bc2 a5 0-1